000 00477nam a2200169Ia 4500
999 _c22165
_d22165
003 OSt
005 20200512122951.0
008 190216s9999||||xx |||||||||||||| ||und||
040 _coclc
082 _a297
_bABD/I
100 _aAbdalati, Hammudah
_92224
245 0 _aIslam In Focus /
_cHammudah Abdalati
260 _bCrescent Publishing,
_c1992.
_aAligarh:
300 _a208p
650 _aIslamic History
942 _cBK
_2ddc
_h297
_iABD/I
_k297
_mABD/I